00489 a2200169 4500010001400000020002300014035001300037037001800050082001100068100001600079245006700095250001200162260005000174270004400224300003200268500001900300 aENG-86020 a0070648203c425.00 aEN-69553 bD.B.Act / Pub14a621.381 aKasap, S.O.1 aPrinciples of electronic materials and devices /cby S.O.Kasap a3rd ed. aNew DelhibTata Mc-Graw Hill Publishingc2007 a7, West Patel NagarbNew Delhie110 008 axiii, 874 p.c24 cm. (Pbk.) aIncludes index